000 01579nam a2200385Ia 4500
001 vtls003241468
003 MY-SjTCS
005 20200226110731.0
006 m u
007 cr cn|||||||||
008 121009s2008 nyua sb s001 0 eng d
010 _z2007-035474
020 _z0791474496 (hardcover : alk. paper)
020 _z079147450X (pbk. : alk. paper)
020 _z9780791474495 (hardcover : alk. paper)
020 _z9780791474501 (pbk. : alk. paper)
020 _z9780791478332 (ebook)
035 _a(OCoLC)251486951
035 _a(CaPaEBR)ebr10575850
039 9 _y201210090940
_zwilmina
040 _aCaPaEBR
_cCaPaEBR
050 1 4 _aBF575.H27
_bW56 2008eb
100 1 _aWilson, Scott,
_d1962-
245 1 4 _aThe order of joy
_h[electronic resource] :
_bbeyond the cultural politics of enjoyment /
_cScott Wilson.
260 _aAlbany :
_bState University of New York Press,
_cc2008.
300 _axviii, 188 p. :
_bill.
440 0 _aSUNY series in psychoanalysis and culture
504 _aIncludes bibliographical references (p. 177-184) and index.
533 _aElectronic reproduction.
_bPalo Alto, Calif. :
_cebrary,
_d2011.
_nAvailable via World Wide Web.
_nAccess may be limited to ebrary affiliated libraries.
650 0 _aJoy.
_932372
650 0 _aHappiness.
_911801
655 7 _aElectronic books.
_2local
710 2 _aebrary, Inc.
_925628
856 4 0 _uhttps://ezproxy.taylors.edu.my/login?url=http://site.ebrary.com/lib/taylorscollege/Doc?id=10575850
_zAn electronic book accessible through the World Wide Web; click to view
999 _c71413